00277nam a22000977a 4500082001700000100002600017245006400043260004200107300000800149650002200157 a595.7 PAT/RE aS C PathakaY N Sahai aRecent Advances In Insect Physiology,Morphology And Ecology aNew DelhibToday and Tomorrows c1986 a324 ainsect physiology